000 00445ntaaa2200181 4500
003 01
005 20251027201846.0
008 0714s1973 ag 01
040 _aAR-BaBN
_bspa
_cAR-BaBN
_eaacr
_dRIC
082 _a248.1000 L85
100 _aLong, Roswell C
_913391
245 _aMore stewardship parables of Jesus
250 _a1 ed.
260 _aNew York :
_bAbingdon Press,
_cc1947
300 _a140 p
650 _amayordomía
942 _cBK
999 _c13248
_d13248